000 01659nam0a2200301 i 4500
001 RU\NLR\BIBL_A\011202038
005 20241114201911.0
010 _a9785751402402
_9100
021 _aRU
_b2016-62476
_93972
035 _a(NLR Aleph) 011202038
090 _a11928260
_c11928260
100 _a20160829d2016 y0rusy50 ca
101 0 _arus
102 _aRU
105 _aa|||j|||000yy
200 1 _aАварийно-спасательная подготовка членов экипажа самолетов ТУ-204-100, ТУ-204-300
_eучебное пособие
_fМ-во трансп. Рос. Федерации, Федер. гос. бюджет. образоват. учреждение высш. образования "Ульн. ин-т гражд. авиации им. гл. маршала авиации Б.П. Бугаева"
_g[сост.: М.Л. Соколова, И.В. Мальцев]
210 _aУльяновск
_cУИ ГА
_d2016
215 _a64 с.
_cил., цв. ил.
_d20
320 _aБиблиогр.: с. 64 (5 назв.)
606 _aСамолёты
_jУчебные издания
_xСредства спасения
_92322797
_3RU\NLR\AUTH\6601614225
686 1 _aО563.5я7-1
702 1 _4220
_7ca
_8rus
_aСоколова
_bМ. Л.
_cпедагог, авиац. безопасность
_gМарина Львовна
_9163900
_3RU\NLR\AUTH\770163944
712 0 2 _4570
_aУльяновский институт гражданской авиации им. Б. П. Бугаева
_9528670
_3RU\NLR\AUTH\880432148
942 _cBOOK
980 _aNBR